000
00228 a2200097 4500
001
59727
100
_a
245
_a
Web Engineering; A Practitioner's Approach
260
_a
New York
_b
Mc Graw Hill
_c
2009
090
_c
36609
_d
36609
942
_a
NUST-CAE
_c
_c
29568
999
_c
294800
_d
294800